Dược thư quốc gia Việt Nam = Vietnamese National Drug Formulary Tập I

Nội dung sách là tài liệu chính thức của Bộ Y tế về hướng dẫn sử dụng thuốc an toàn, hợp lú và hiệu quả, đồng thời là tài liệu cung cấp những thông tin quan trọng, khoa học, chính xác, trung thực và cập nhật về thuốc...

وصف كامل

محفوظ في:
التفاصيل البيبلوغرافية
التنسيق: كتاب
اللغة:Vietnamese
منشور في: H. Khoa học và kỹ thuật 2022
الطبعة:Lần xuất bàn thứ 3
الموضوعات:
الوسوم: إضافة وسم
لا توجد وسوم, كن أول من يضع وسما على هذه التسجيلة!
Thư viện lưu trữ: Thư viện Trường Đại học Nam Cần Thơ
LEADER 01731nam a22002417a 4500
001 NCT_4_000002
008 230613b xxu||||| |||| 00| 0 vie d
999 |c 7863  |d 7863 
020 |a 9786046725022  |c 1580000 
082 |2 23rd ed.  |a 615.1  |b D557T/T.1 
245 0 0 |a Dược thư quốc gia Việt Nam =  |b Vietnamese National Drug Formulary  |c Bộ Y Tế  |n Tập I 
250 |a Lần xuất bàn thứ 3 
260 |a H.  |b Khoa học và kỹ thuật  |c 2022 
300 |a 883 tr.  |c 30cm 
520 3 |a Nội dung sách là tài liệu chính thức của Bộ Y tế về hướng dẫn sử dụng thuốc an toàn, hợp lú và hiệu quả, đồng thời là tài liệu cung cấp những thông tin quan trọng, khoa học, chính xác, trung thực và cập nhật về thuốc 
653 |a Dược học 
942 |2 ddc  |c BK 
952 |0 0  |1 0  |2 ddc  |4 0  |6 615_100000000000000_D557T_T_1  |7 0  |9 27863  |a 000001  |b 000001  |d 2023-06-13  |o 615.1 D557T/T.1  |p MD.21896  |r 2023-06-13  |w 2023-06-13  |y BK 
952 |0 0  |1 0  |2 ddc  |4 0  |6 615_100000000000000_D557T_T_1  |7 0  |9 27864  |a 000001  |b 000001  |d 2023-06-13  |o 615.1 D557T/T.1  |p MD.21897  |r 2023-06-13  |w 2023-06-13  |y BK 
952 |0 0  |1 0  |2 ddc  |4 0  |6 615_100000000000000_D557T_T_1  |7 0  |9 27865  |a 000001  |b 000001  |d 2023-06-13  |o 615.1 D557T/T.1  |p MD.21898  |r 2023-06-13  |w 2023-06-13  |y BK 
952 |0 0  |1 0  |2 ddc  |4 0  |6 615_100000000000000_D557T_T_1  |7 0  |9 27866  |a 000001  |b 000001  |d 2023-06-13  |o 615.1 D557T/T.1  |p MD.21899  |r 2023-06-13  |w 2023-06-13  |y BK 
952 |0 0  |1 0  |2 ddc  |4 0  |6 615_100000000000000_D557T_T_1  |7 0  |9 27867  |a 000001  |b 000001  |d 2023-06-13  |o 615.1 D557T/T.1  |p MD.21900  |r 2023-06-13  |w 2023-06-13  |y BK 
980 |a Thư viện Trường Đại học Nam Cần Thơ